=LDR 00000nam 2200000 4500 =001 INLIS000000000037515 =005 20160217154605.0 =006 =007 =008 ind =035 ##$$0010-061300000037515 =041 ##$$a ind =082 ##$$a 940.54 =090 ##$$a 940.54, Arn a =100 ##$$a Arnold, James R =245 ##$$a ardennes1994, Pertaruhan terakhir hitler, James R Arnold; Penerjemah, Eka Mulya Jagauratauras =260 ##$$a 2011 $b Jakarta =300 ##$$a 117 hlm, Ilus, 25 cm =650 ##$$a Perang Dunia, 1939 - 1945 =700 ##$$a Jagauratauras, Eka Mulya =850 ##$$a NBPNMAT =990 ##$$a 0001/BPAP-NTB/2016 =990 ##$$a 21601572/BPAP-NTB/2017 =990 ##$$a 87728772 =990 ##$$a 01201708772 =990 ##$$a 0001/BPAP-NTB/2016 =990 ##$$a 21601572/BPAP-NTB/2017